Statistics for Cities in the world before 1 AD - with map

Click here to take the quiz!

General Stats

  • This quiz has been taken 187 times
    (182 since last reset)
  • The average score is 21 of 158

Answers on the Map

Answers color-coded by a green-red scale on the quiz's map according to % correct below.
 

Answer Stats

CountrypopYear foundedAnswer% Correct
Italy1.25 M500 BCRome
89%
United Kingdom30 K100 BCLondon
88%
Egypt600 K300 BCAlexandria
78%
Turkey35 K100 BCByzantion
78%
Israel / Palestine550 K800 BCJerusalem
78%
Greece155 K430 BCAthens
76%
Tunisia100 K600 BCCarthage
64%
Italy30 K100 BCMilan
63%
Greece40 K430 BCSparta
63%
Turkey34 K100 BCAnkara
60%
Syria39 K430 BCDamascus
59%
Iraq80 K1700 BCBabylon
58%
Mexico150 K900 BCTeotihuacan
57%
France50 K100 BCLyon
52%
Turkey90 K100 BCSmyrna
48%
China400 K200 BCXi'an
47%
Egypt30 K2500 BCMemphis
45%
North Korea25 K1000 BCPyongyang
45%
Greece35 K100 BCThessaloniki
44%
Iraq12 K2800 BCUr
44%
Syria10 K1800 BCAleppo
40%
Italy100 K500 BCSyracuse
40%
Egypt10 K1800 BCThebes
40%
Greece70 K430 BCCorinth
38%
Greece42 K200 BCRhodes
35%
Lebanon10 K1000 BCTyre
31%
Turkey10 K1300 BCTroy
29%
Spain62 K100 BCCadiz
27%
Iran70 K430 BCPersepolis
27%
Italy38 K430 BCMessina
26%
Uzbekistan75 K712 BCSamarkand
25%
Turkey120 K200 BCAntioch
24%
Iraq70 K3500 BCUruk
22%
Italy40 K430 BCTaranto
21%
Greece15 K1700 BCKnossos
20%
Greece35 K430 BCKerkira
19%
Jordan30 K100 BCPetra
19%
China70 K100 BCChengdu
17%
Egypt16 K1900 BCElephantine
17%
Turkey40 K200 BCEphesus
17%
Lebanon36 K430 BCSidon
17%
Iraq100 K1600 BCNineveh
16%
Italy30 K100 BCOstia
15%
Libya35 K430 BCCyrene
14%
India100 K430 BCPatna
14%
Iran10 K2400 BCSusa
14%
Mexico100 K900 BCCaracol
13%
Greece24 K1200 BCArgos
12%
China50 K1000 BCLuoyang
12%
Iraq30 K2200 BCAkkad
11%
China24 K1600 BCBo
10%
Italy100 K300 BCCapua
10%
India54 K430 BCVaranasi
10%
Iraq30 K1900 BCAssur
9%
Iraq60 K2500 BCLagash
8%
Iraq10 K3500 BCLarak
8%
Cyprus30 K1400 BCLarnaca
8%
Turkmenistan100 K1 ADMerv
8%
Greece30 K1360 BCMycenae
8%
China60 K420 BCSuzhou
8%
Guatemala100 K900 BCTikal
8%
Italy35 K430 BCCrotone
7%
Italy40 K430 BCAgrigento
6%
Greece20 K1500 BCAkrotiti
6%
China40 K430 BCChangsha
6%
Egypt10 K2400 BCHeliopolis
6%
France44 K100 BCNimes
6%
France30 K200 BCOlbia
6%
Iraq300 K300 BCSeleucia
6%
Italy35 K430 BCGela
5%
Turkey50 K650 BCMiletus
5%
Turkey35 K430 BCSardis
5%
Iran10 K3300 BCAnshan
4%
Iran100 K500 BCEcbatana
4%
Pakistan15 K2500 BCHarappa
4%
Iraq30 K2800 BCKish
4%
Pakistan20 K2500 BCMohenjodaro
4%
Turkey35 K200 BCPergamum
4%
Pakistan100 K1 ADPeshawar
4%
Afghanistan75 K200 BCBalkh
3%
Iraq6 K3700 BCEridu
3%
Greece30 K100 BCGortyn
3%
China100 K500 BCKaifeng
3%
Syria10 K2800 BCMari
3%
Iraq50 K800 BCNimrud
3%
Iraq10 K3000 BCNippur
3%
India350 K400 BCPataliputra
3%
Syria37 K100 BCApamea
2%
Turkey30 K1600 BCHattusa
2%
Israel / Palestine27 K800 BCSamaria
2%
Pakistan100 K300 BCTaxilla
2%
Iraq13 K2700 BCAdab
1%
Sri Lanka130 K100 BCAnuradhapura
1%
China30 K1200 BCAnyang
1%
China32 K1400 BCAo
1%
Egypt20 K1800 BCAvaris
1%
Iraq10 K1800 BCBad-Tibira
1%
Syria10 K1700 BCCarchemish
1%
Bahrain10 K1900 BCDilmun
1%
China32 K100 BCDunhuang
1%
Iraq40 K1360 BCDur-Kurigalzu
1%
Syria30 K2500 BCEbla
1%
Greece30 K430 BCElis
1%
Iraq10 K1800 BCEshnunna
1%
China100 K500 BCHandan
1%
Iraq16 K2800 BCLarsa
1%
China100 K700 BCLinzi
1%
Iraq10 K2200 BCNina
1%
China100 K500 BCQufu
1%
Iraq30 K2800 BCShuruppak
1%
Egypt35 K1000 BCTanis
1%
India100 K200 BCUjjain
1%
Iraq20 K2800 BCUmma
1%
China100 K300 BCXianyang
1%
China120 K1300 BCYinxu
1%
Iraq10 K2500 BCAkshak
0%
Egypt30 K1360 BCAmarna
0%
China100 K500 BCAnyi
0%
India15 K2300 BCDholavira
0%
Iran10 K1200 BCDur-Untash
0%
China40 K1700 BCErlitou
0%
Iraq40 K2400 BCGirsu
0%
Egypt30 K1300 BCHermopolis
0%
Iraq40 K2000 BCIsin
0%
Mexico35 K200 BCIzapa
0%
Uzbekistan20 K1400 BCJarkutan
0%
China50 K430 BCLucheng
0%
China100 K100 BCMaoling
0%
Yemen45 K650 BCMareb
0%
Afghanistan10 K2000 BCMundigak
0%
Syria20 K3000 BCNagar
0%
Turkmenistan10 K2400 BCNamazga-Tepe
0%
Greece10 K1200 BCNavarino
0%
Egypt34 K100 BCOxyrhyncus
0%
India60 K200 BCPatihan
0%
Egypt160 K1200 BCPi-Ramessis
0%
Syria20 K1800 BCQatna
0%
India100 K500 BCRajagriha
0%
India10 K2300 BCRakhigarhi
0%
Egypt48 K650 BCSais
0%
China35 K1200 BCSanxingdui
0%
Turkey75 K1300 BCSapinuwa
0%
Iran20 K2500 BCShahr-e Sukhteh
0%
China100 K500 BCShangqi
0%
Syria10 K2500 BCShehna
0%
Israel16 K1800 BCTel Hazor
0%
Iraq15 K2300 BCTell Taya
0%
Bolivia100 K500 BCTiahuanaco
0%
Turkey10 K2300 BCTitris Hoyuk
0%
Mexico100 K300 BCTollan
0%
Mexico30 K200 BCTres Zapotes
0%
Iraq10 K1400 BCUgarit
0%
Syria10 K2800 BCUrkesh
0%
India45 K430 BCVaishali
0%
China100 K400 BCXinzheng
0%
China100 K400 BCYiyang
0%
Iraq10 K2800 BCZabalam
0%
Yemen60 K100 BCZafar
0%

Score Distribution

Percentile by Number Answered

Percent of People with Each Score

Your Score History

You have not taken this quiz since the last reset